000 00270nam a22001217a 4500
020 _a0-7214-0859-1
082 _a823
_bGRA/I
100 _aGRANT, JOHN
245 _aTHE IRON MAN
260 _aENGLAND
_bLADY BIRD
_c43
650 _aENGLISH SHORT STORY
_zENGLAND
942 _cBK
999 _c2393
_d2393